[Event "Challenge"]
[Site "http://www.queenalice.com/game.php?id=1631298"]
[Date "2020.10.29"]
[Round "-"]
[White "JSFraga_RS"]
[Black "tiouncle"]
[Result "1-0"]
[WhiteElo "1465"]
[BlackElo "1420"]

1. e4 d5 2. e5 c5 3. d4 Nc6 4. Be3 g6 5. Nf3 h6 6. Bb5 a6 7. Bxc6+ bxc6 8. Nfd2
a5 9. a4 Ba6 10. dxc5 Bg7 11. Bd4 Rb8 12. b3 Qc8 13. Qf3 Rb4 14. Nc3 Rxd4 15.
O-O-O Qe6 16. Ne2 Rb4 17. Nf4 Qf5 18. Rhe1 g5 19. c3 1-0

[Event "Challenge"]
[Site "http://www.queenalice.com/game.php?id=1632093"]
[Date "2020.11.7"]
[Round "-"]
[White "tiouncle"]
[Black "Belle1996"]
[Result "1-0"]
[WhiteElo "1500"]
[BlackElo "1013"]

1. d4 d5 2. Na3 e6 3. Nb5 Nf6 4. Bf4 Nc6 5. Nxc7+ Qxc7 6. Bxc7 Be7 7. Nf3 Bb4+
8. c3 Be7 9. Qd3 O-O 10. Ng5 a6 11. Be5 Ng4 12. Qxh7# 1-0

[Event "Challenge"]
[Site "http://www.queenalice.com/game.php?id=1633041"]
[Date "2020.11.15"]
[Round "-"]
[White "tiouncle"]
[Black "Francisco333"]
[Result "0-1"]
[WhiteElo "1205"]
[BlackElo "997"]

1. d4 d5 2. Nc3 Nc6 3. Bf4 e6 4. Nb5 a6 5. Nxc7+ Ke7 6. Nxa8 Bd7 7. Bb8 Qxb8 8.
Nb6 Be8 9. Qd3 f6 10. O-O-O g5 11. Qh3 f5 12. Nf3 g4 13. Qh4+ Nf6 14. Ng5 h6 15.
Rd3 h5 16. f3 Qf4+ 17. Rd2 Bh6 18. Qxh5 Nxh5 19. g3 Qxg5 0-1

[Event "Challenge"]
[Site "http://www.queenalice.com/game.php?id=1758654"]
[Date "2021.5.5"]
[Round "-"]
[White "LuizFerreira"]
[Black "tiouncle"]
[Result "1-0"]
[WhiteElo "1330"]
[BlackElo "1055"]

1. d4 d5 2. Nc3 e6 3. b3 f5 4. g3 Nf6 5. h3 Bd6 6. a3 O-O 7. Bg5 c6 8. Nf3 Qa5
9. b4 Qb6 10. Na4 Qa6 11. Nc3 Qc4 12. Qd2 e5 13. dxe5 Ne4 14. Nxe4 fxe4 15. e3
Rxf3 16. Bxc4 Bxe5 17. Rb1 Rf8 18. b5 dxc4 19. Be7 Bd7 20. bxc6 Bxc6 21. Qb4 Re8
22. Bg5 c3 23. Qc5 b6 24. Qb4 Na6 25. Qc4+ Kf8 26. Qxc6 Nc5 27. Rb5 Na4 28. O-O
h6 29. Bh4 a6 30. Rxe5 b5 31. Rd1 Rxe5 32. Qxa8+ Kf7 33. Qa7+ Ke6 34. Qxa6+ Kf5
35. Rd6 Nc5 36. Qc8+ Ne6 37. g4+ Kg6 38. Qh8 Rc5 39. Rxe6+ Kf7 40. Qe8# 1-0

[Event "Challenge"]
[Site "http://www.queenalice.com/game.php?id=1758855"]
[Date "2021.5.7"]
[Round "-"]
[White "tiouncle"]
[Black "JSFraga_RS"]
[Result "0-1"]
[WhiteElo "1039"]
[BlackElo "1515"]

1. c4 d5 2. d3 e5 3. Nc3 d4 4. Nb5 a6 5. Na3 Nf6 6. f3 Bc5 7. Bg5 h6 8. Bh4 g5
9. Bg3 Nc6 10. Qa4 Bd7 11. O-O-O a5 12. Qb3 b6 13. Bf2 Nb4 14. g4 Qe7 15. Bg2
Bc6 16. Nh3 h5 17. Nxg5 O-O-O 18. h3 Qd7 19. Rhe1 h4 20. Kb1 Rhg8 21. Bxh4 a4
22. Qxb4 Bxb4 23. Rc1 Bxe1 24. Rxe1 Rh8 25. Bg3 Rde8 26. e4 dxe3 27. Rd1 b5 28.
h4 e4 29. d4 bxc4 30. Nxc4 e2 31. Rd2 exf3 32. Bxf3 Bxf3 33. Nxf3 Qxg4 34. Rxe2
Rxe2 35. Nfd2 Qf5+ 36. Kc1 Ne4 37. Kd1 Nxg3 38. b3 Rhe8 39. Kc1 Re1+ 40. Kb2
R8e2 41. bxa4 Ne4 42. a5 Nxd2 43. Nxd2 Qb1+ 44. Kc3 Qc1+ 45. Kb3 Re3+ 46. Kb4
Qxd2+ 47. Kb5 Rb1+ 48. Ka6 Kb8 49. h5 Ra3 50. d5 Qxa5# 0-1

[Event "Challenge"]
[Site "http://www.queenalice.com/game.php?id=1759289"]
[Date "2021.5.12"]
[Round "-"]
[White "tiouncle"]
[Black "Francisco333"]
[Result "1-0"]
[WhiteElo "1039"]
[BlackElo "1013"]

1. d4 d5 2. Nc3 Nf6 3. f4 Nc6 4. Nf3 e6 5. e3 Bb4 6. Be2 O-O 7. O-O h6 8. Na4 a5
9. Nh4 Bd7 10. Rf3 b6 11. Rg3 b5 12. Bxb5 Ne4 13. Qg4 Nxg3 14. Qxg3 Bd6 15. Bd2
Nb4 16. Nc3 Bxb5 17. Nxb5 Nxc2 18. Rc1 Nb4 19. Rf1 Nxa2 20. Qg4 Qd7 21. Nc3 Nb4
22. Rf3 a4 23. Rg3 f6 24. Qh5 c5 25. Qxh6 Rf7 26. Ng6 gxh6 27. Ne5+ Kf8 28.
Nxd7+ Rxd7 29. Be1 Nc2 30. Bd2 Nb4 31. Rg6 Kf7 32. Rxh6 f5 33. Rh7+ Ke8 34. Rh8+
Bf8 35. Be1 a3 36. bxa3 Rxa3 37. h3 Nd3 38. Bh4 Rxc3 39. Bg5 Rg7 40. Bh6 Rf7 41.
g4 c4 42. g5 Rc1+ 43. Kh2 Ke7 44. g6 Rf6 45. Rh7+ Ke8 46. g7 c3 47. g8=Q c2 48.
Bxf8 Rd1 49. Bd6+ Rf8 50. Qxf8# 1-0

[Event "Challenge"]
[Site "http://www.queenalice.com/game.php?id=1761933"]
[Date "2021.6.11"]
[Round "-"]
[White "ilbarbierefallito"]
[Black "tiouncle"]
[Result "1-0"]
[WhiteElo "1511"]
[BlackElo "1073"]

1. d4 d5 2. Nf3 Nc6 3. g3 f5 4. Bg2 e6 5. Ne5 Qe7 6. Nxc6 bxc6 7. O-O Qd6 8. b3
Nf6 9. Ba3 c5 10. Bxc5 Qc6 11. Bxf8 Rxf8 12. Nd2 Bb7 13. Nf3 O-O-O 14. Ne5 Qe8
15. c4 Ng4 16. Nxg4 fxg4 17. e3 Qh5 18. c5 Rf6 19. h4 Rh6 20. b4 g5 21. f3 gxh4
22. fxg4 Qg5 23. gxh4 Qxh4 24. Qf3 Rg8 25. Bh3 Ba6 26. Rf2 Rhg6 27. Rg2 Rf6 28.
Qg3 Qh6 29. Rb1 Bb5 30. g5 Rxg5 31. Qxg5 Qxh3 32. Qxf6 Bd3 33. Rbb2 Qxe3+ 34.
Kh2 h6 35. c6 1-0

[Event "Challenge"]
[Site "http://www.queenalice.com/game.php?id=1761934"]
[Date "2021.6.11"]
[Round "-"]
[White "tiouncle"]
[Black "ilbarbierefallito"]
[Result "0-1"]
[WhiteElo "1073"]
[BlackElo "1522"]

1. c4 Nf6 2. Nc3 g6 3. e4 Bg7 4. Nf3 O-O 5. d4 e6 6. Bd3 d5 7. exd5 exd5 8. Be3
Be6 9. O-O dxc4 10. Bc2 Nd5 11. Re1 Nxe3 12. Rxe3 c6 13. Re4 Bf5 14. Rh4 Bf6 15.
Rh6 Bg4 16. h3 Bxf3 17. gxf3 Bg5 18. Rxh7 Kxh7 19. Kg2 Bf6 20. Ne2 Qd7 21. Qd2
c5 22. d5 Bxb2 23. Rh1 Rd8 24. Be4 Bg7 25. h4 Bh6 26. Nf4 Bxf4 27. Qxf4 Rh8 28.
h5 Kg7 29. h6+ Kh7 30. Qf6 Rg8 31. f4 Na6 32. f5 Rae8 33. Bc2 Nb4 34. Bb1 Nxd5
35. Qg5 gxf5 36. Bxf5+ Qxf5 37. Qg7+ Rxg7+ 0-1

[Event "Challenge"]
[Site "http://www.queenalice.com/game.php?id=1762963"]
[Date "2021.6.24"]
[Round "-"]
[White "LuizFerreira"]
[Black "tiouncle"]
[Result "0-1"]
[WhiteElo "1379"]
[BlackElo "1073"]

1. Nf3 f5 2. Nd4 e6 3. g3 Nf6 4. b3 Bc5 5. Nf3 O-O 6. d3 Ng4 7. h3 Qf6 8. c3
Nxf2 9. Qd2 Nxh1 10. Qf4 Bd6 11. Qc4 Bxg3+ 12. Kd1 Qg6 13. Be3 f4 14. Bc5 d6 15.
Bd4 Na6 16. Na3 c6 17. b4 Rf5 18. h4 d5 19. Qb3 Nf2+ 20. Bxf2 Bxf2 21. d4 b5 22.
Qc2 Bd7 23. Qd2 Qg1 24. Nxg1 Bxg1 25. Ke1 f3 26. Qd3 Raf8 27. Bh3 Be8 28. Kf1
Bh5 29. Kxg1 f2+ 30. Kh1 Rf4 31. Qg3 Bxe2 32. Qe3 Re4 33. Qd2 f1=Q+ 34. Rxf1
Rxf1+ 35. Kg2 Rf3 36. Kh2 Rf2+ 37. Kg3 Rf3+ 38. Kh2 Rf2+ 39. Kg1 Ref4 40. Qe1
Bd3 41. Qxe6+ Kf8 42. Qd6+ Ke8 43. Qe5+ Kd8 44. Qg5+ Rf6 45. Qg3 Rd2 46. Qe1
Rff2 47. Nb1 Rde2 48. Qd1 Rf3 49. Bg2 Rg3 50. Kf1 Rexg2+ 51. Ke1 Re3+ 52. Qe2
Rexe2+ 53. Kd1 Rg1# 0-1

[Event "Challenge"]
[Site "http://www.queenalice.com/game.php?id=1764281"]
[Date "2021.7.13"]
[Round "-"]
[White "tiouncle"]
[Black "magalhaes_br"]
[Result "0-1"]
[WhiteElo "1039"]
[BlackElo "1556"]

1. c4 b6 2. Nc3 e5 3. Nf3 Nc6 4. d4 Bd6 5. e4 Nf6 6. Be2 O-O 7. O-O Bb7 8. Qd3
Ba6 9. Ng5 Ne7 10. Qh3 h6 11. Rd1 Re8 12. Bh5 Ng6 13. Rd3 Bxc4 14. Ne2 Bxd3 15.
Qxd3 Nxh5 16. Qf3 Nf6 17. Ng3 c5 18. Nh5 cxd4 19. Bd2 Rc8 20. Ng3 Rc2 21. Qd1
Rxb2 22. Nf5 Bc5 23. Bc1 Rb4 24. a3 Rc4 25. Qb3 d5 26. h3 hxg5 27. Bxg5 Qd7 28.
h4 Nxe4 29. Qd1 Qxf5 30. Ra2 Nc3 31. Qc2 Qxc2 32. Rxc2 Bxa3 33. h5 Ne7 34. h6
gxh6 35. Bxh6 Nf5 36. Bg5 Be7 37. Bc1 Rec8 38. Bd2 Nb1 39. Bc1 Rxc2 40. Bh6 Nxh6
0-1

[Event "Challenge"]
[Site "http://www.queenalice.com/game.php?id=1767824"]
[Date "2021.8.24"]
[Round "-"]
[White "tiouncle"]
[Black "JSFraga_RS"]
[Result "1-0"]
[WhiteElo "1124"]
[BlackElo "1503"]

1. d4 d5 2. Nc3 Nf6 3. h3 Nc6 4. Nf3 e6 5. Qd3 Bd6 6. e4 Nb4 7. Qe2 a5 8. a3
dxe4 9. Nxe4 Nbd5 10. Bg5 h6 11. Bh4 g5 12. Bg3 Bxg3 13. fxg3 b6 14. O-O-O Ba6
15. Qe1 Qd7 16. c4 Ne7 17. Nxf6+ Kd8 18. Nxd7 Kxd7 19. Ne5+ Ke8 20. Qe4 Rd8 21.
g4 f6 22. Nc6 Bxc4 23. Bxc4 Nxc6 24. Qxc6+ Kf8 25. Qxe6 1-0

[Event "Challenge"]
[Site "http://www.queenalice.com/game.php?id=1770388"]
[Date "2021.9.20"]
[Round "-"]
[White "tiouncle"]
[Black "JSFraga_RS"]
[Result "1/2-1/2"]
[WhiteElo "1176"]
[BlackElo "1506"]

1. c4 d5 2. e3 e6 3. Nf3 g6 4. a3 b6 5. Nc3 Nf6 6. d3 Nc6 7. e4 d4 8. Nb5 Ba6 9.
Bf4 Bxb5 10. cxb5 Nb8 11. Qc1 Bc5 12. Bh6 Nbd7 13. b4 Bd6 14. Qc6 Ng4 15. Bg5 f6
16. Bc1 O-O 17. Bb2 e5 18. Qd5+ Kh8 19. Bc1 g5 20. Be2 Rc8 21. O-O c6 22. Qxd6
c5 23. Rb1 a5 24. bxa5 bxa5 25. b6 Rb8 26. b7 Nh6 27. Bd1 Nf7 28. Qc6 Qe8 29.
Bb3 Nd8 30. Qd5 Qe7 31. Ba4 Rf7 32. h4 Nxb7 33. Rxb7 Rd8 34. hxg5 Rg7 35. Bd2
Qf7 36. Qc6 fxg5 37. Nxg5 Qg8 38. Rfb1 h6 39. Bxa5 Rxg5 40. Qxh6+ Qh7 41. Qxg5
Rg8 42. Rxd7 Rxg5 43. Rxh7+ Kxh7 44. Rc1 Kh6 45. Rxc5 Kh5 46. Bd1+ Kh4 47. Bd8
1/2-1/2

[Event "Challenge"]
[Site "http://www.queenalice.com/game.php?id=1773482"]
[Date "2021.10.29"]
[Round "-"]
[White "Francisco333"]
[Black "tiouncle"]
[Result "0-1"]
[WhiteElo "1103"]
[BlackElo "1196"]

1. d4 d5 2. Nc3 Nf6 3. Nf3 Nc6 4. e3 Bf5 5. Bd3 e6 6. O-O Bd6 7. h3 Qe7 8. a3
O-O-O 9. b4 Rdg8 10. Nb5 g5 11. Re1 g4 12. Ng5 Rxg5 13. e4 h6 14. Bxg5 hxg5 15.
exf5 gxh3 16. Qg4 Nxg4 17. f3 h2+ 18. Kf1 h1=Q+ 19. Ke2 Nxd4+ 20. Nxd4 Qxg2+ 21.
Kd1 Rh2 22. Bf1 Qg1 23. Ne2 Ne3+ 24. Kd2 Qf2 25. Kd3 exf5 26. a4 Bxb4 27. Rab1
Qxf3 28. Red1 Qee4# 0-1

[Event "Challenge"]
[Site "http://www.queenalice.com/game.php?id=1774538"]
[Date "2021.11.11"]
[Round "-"]
[White "JSFraga_RS"]
[Black "tiouncle"]
[Result "1-0"]
[WhiteElo "1506"]
[BlackElo "1230"]

1. e4 e5 2. d4 Nc6 3. d5 Nd4 4. Be3 Bc5 5. Nf3 d6 6. Nc3 Nf6 7. Bb5+ Bd7 8. a4
O-O 9. Bxd4 exd4 10. Nxd4 Bb4 11. Qd2 Nxd5 12. Qd3 Nf4 13. Qf3 a6 14. Bxd7 Qxd7
15. Qxf4 Rae8 16. O-O Re5 17. Nd5 Bc5 18. c3 Rfe8 19. f3 h6 20. Kh1 Rh5 21. Nf5
Re5 22. g4 Rh3 23. g5 h5 24. b4 g6 25. Nh6+ 1-0

[Event "Challenge"]
[Site "http://www.queenalice.com/game.php?id=1774540"]
[Date "2021.11.11"]
[Round "-"]
[White "Francisco333"]
[Black "tiouncle"]
[Result "0-1"]
[WhiteElo "1101"]
[BlackElo "1214"]

1. d4 Nc6 2. e3 d5 3. Nc3 Nf6 4. Nf3 Bf5 5. Bd3 e6 6. O-O Bd6 7. Qe2 Qd7 8. a4
h5 9. h3 Ng4 10. hxg4 hxg4 11. Nd2 Bh2+ 12. Kh1 Bg3+ 13. Kg1 Bh2+ 14. Kh1 Qe7
15. g3 Bxg3+ 16. Kg2 Qh4 17. fxg3 Qh3+ 18. Kg1 O-O-O 19. b3 Qh1+ 20. Kf2 Rh2+
21. Ke1 Rxe2+ 22. Kxe2 Qg2+ 23. Rf2 Qxg3 24. Ba3 Rh8 25. Nb5 Rh3 26. c4 Qxe3+
27. Kf1 Bxd3+ 28. Kg1 Rg3+ 29. Kh2 Qxf2+ 30. Kh1 Rh3# 0-1

[Event "Challenge"]
[Site "http://www.queenalice.com/game.php?id=1781720"]
[Date "2022.1.29"]
[Round "-"]
[White "tiouncle"]
[Black "Leftpawn"]
[Result "0-1"]
[WhiteElo "1224"]
[BlackElo "1675"]

1. d4 Nf6 2. Nc3 g6 3. e4 d6 4. Nf3 Bg7 5. h3 O-O 6. Bc4 e6 7. Be3 Nbd7 8. Be2
e5 9. Qd2 c6 10. O-O-O Re8 11. h4 a6 12. Ng5 Nf8 13. h5 Nxh5 14. Bxh5 gxh5 15.
Rxh5 Bg4 16. Rdh1 Bxh5 17. Rxh5 f6 18. Nxh7 Nxh7 19. Bh6 Bxh6 20. Qxh6 Re7 21.
dxe5 dxe5 22. g4 Rg7 23. f3 Qe7 24. Ne2 Rd8 25. Ng3 Qe6 26. Nf5 Rdd7 27. Qe3
Qxa2 28. c3 Qa1+ 29. Kc2 Qd1# 0-1

[Event "Challenge"]
[Site "http://www.queenalice.com/game.php?id=1785164"]
[Date "2022.3.19"]
[Round "-"]
[White "tiouncle"]
[Black "Leftpawn"]
[Result "0-1"]
[WhiteElo "1224"]
[BlackElo "1660"]

1. d4 Nf6 2. Nc3 g6 3. e4 Bg7 4. Nf3 d6 5. Bd3 O-O 6. Be3 c6 7. O-O Nbd7 8. Qd2
a6 9. a4 a5 10. Ng5 Ng4 11. f3 Nxe3 12. Qxe3 Re8 13. f4 Nf8 14. f5 h6 15. Rf3
hxg5 16. Qxg5 Nh7 17. Qh4 e6 18. Qh3 Ng5 19. Qg4 Nxf3+ 20. Qxf3 exf5 21. exf5
Bxd4+ 22. Kf1 Bxf5 23. Bxf5 gxf5 24. Qxf5 Qf6 25. Qxf6 Bxf6 26. Nd1 Re6 27. Rb1
Rae8 28. Nf2 Bxb2 29. Ng4 Bc3 30. Rxb7 Re1+ 31. Kf2 Bd4+ 32. Kg3 Be5+ 0-1